| 000 | 01026cam a22002174a 4500 | ||
|---|---|---|---|
| 005 | 20250605164231.0 | ||
| 008 | 250528s ||||||||||||||||||||||||d | ||
| 035 | _a20977 | ||
| 020 | _a9781843982609 | ||
| 040 |
_aGR-AtMCL _bgre _dGR-AtMCL _eAACR2 |
||
| 245 | 1 | _aDeveloping Skills for Business Leadership / Ideal for the New CIPD qualifications | |
| 260 | _c2010 | ||
| 300 | _a586 | ||
| 520 | _aThis Book covers all the essential study skills and core managerial skills needed. Introduction, Postgraduate study skills, Effective Self-Management in the Workplace, Effective Management of Interpersonal Relationships at Work, Essential People Management Skills, Finance Skills, Proficiency in Information Technology, Decision-Making and Problem-Solving at Work, Effective Leadership, The Use of Skills Acquisition. | ||
| 700 | 1 |
_aReissner Stefanie C _96977 |
|
| 700 | 1 |
_aWatson Gilliam _96978 |
|
| 942 | _cBK | ||
| 710 | 2 |
_aChartered Institute Of Personnel And Development _99742 |
|
| 999 |
_c6054 _d6054 |
||